| 000 | 00425nam a22001697a 4500 | ||
|---|---|---|---|
| 005 | 20180309111956.0 | ||
| 008 | 160525b xxu||||| |||| 00| 0 eng d | ||
| 020 | _a978-81-203-2963-8 | ||
| 041 | _aeng | ||
| 082 |
_b4997 _a332.6 |
||
| 100 |
_aKevin, S _9376 |
||
| 245 | _aSecurity Analysis and Portfolio Management | ||
| 260 |
_aNew Delhi _bAcademic Faundation |
||
| 300 | _a276 | ||
| 650 |
_aManagement _9241 |
||
| 942 | _cBK | ||
| 999 |
_c1749 _d1748 |
||